LEADER 01050nam1 2200337 450 001 990002207520203316 005 20050310183451.0 035 $a000220752 035 $aUSA01000220752 035 $a(ALEPH)000220752USA01 035 $a000220752 100 $a20041124h2004----km-y0enga50------ba 101 $aita 102 $aIT 105 $a||||||||001yy 200 1 $aCatalogo dei libri in commercio 2004$elibri e opere multimediali$f[a cura dell'] Associazione italiana editori 210 $aMilano$cEditrice bibliografica$dcopyr. 2004 215 $av.$d30 cm 463 \1$1001990002123400203316$12001 $aSoggetti 606 0 $aLibri$yItalia$xCataloghi di vendita$z2004 676 $a018 712 02$aAssociazione italiana editori 801 0$aIT$bsalbc$gISBD 912 $a990002207520203316 951 $aL.P. 59$bL.M.$cL.P. 59 959 $aBK 969 $aUMA 979 $aMARIA$b10$c20041124$lUSA01$h1040 979 $aMARIASEN$b90$c20050310$lUSA01$h1834 996 $aCatalogo dei libri in commercio 2004$9734621 997 $aUNISA LEADER 01242nam0 2200301 450 001 000033109 005 20150518152650.0 100 $a20120529d1966----km-y0itaa50------ba 101 0 $aita 102 $aIT 200 1 $aAuto da fé$ecronache in due tempi$fEugenio Montale 210 $aMilano$c<> Saggiatore$d1966 215 $a362 p.$d21 cm 225 2 $a<> cultura$iSaggi di arte e di letteratura$v1 410 0$12001$a<> cultura$iSaggi di arte e di letteratura$v1 676 $a858.91408$v(22. ed.)$9Scritti miscellanei italiani. 1945-1999. Scritti in prosa 700 1$aMontale,$bEugenio$0154362 801 0$aIT$bUniversitŕ della Basilicata - B.I.A.$gRICA$2unimarc 912 $a000033109 996 $aAuto da fé$91529497 997 $aUNIBAS BAS $aLETTERE CAT $aSTD078$b01$c20120529$lBAS01$h1543 CAT $aTTM$b30$c20130509$lBAS01$h0944 CAT $aTTM$b30$c20150518$lBAS01$h1526 FMT Z30 -1$lBAS01$LBAS01$mBOOK$1BASA1$APolo Storico-Umanistico$2FLAR$BFondo Larotonda$3FLar/113507$6113507$5L113507$820150514$f04$FPrestabile Didattica Z30 -1$lBAS01$LBAS01$mBOOK$1BASA1$APolo Storico-Umanistico$2GEN$BCollezione generale$3FP/53721$653721$5L53721$820120529$f02$FPrestabile Generale